The Oxford dictionary of philosophy (Record no. 398506)

MARC details
000 -LEADER
fixed length control field 00577nam a2200205Ia 4500
008 - FIXED-LENGTH DATA ELEMENTS--GENERAL INFORMATION
fixed length control field 191130s2008##################000#0#eng##
020 ## - INTERNATIONAL STANDARD BOOK NUMBER
ISBN 9780199541430
082 ## - DEWEY DECIMAL CLASSIFICATION NUMBER
Classification number 103 BLA
100 ## - MAIN ENTRY--AUTHOR NAME
Personal name Blackburn, Simon
245 ## - TITLE STATEMENT
Title The Oxford dictionary of philosophy
Statement of responsibility, etc Simon Blackburn
250 ## - EDITION STATEMENT
Edition statement 2nd ed., rev
260 ## - PUBLICATION, DISTRIBUTION, ETC. (IMPRINT)
Place of publication Oxford
Name of publisher Oxford University Press
Year of publication 2008
300 ## - PHYSICAL DESCRIPTION
Number of Pages 407 p. : ill. ; 20 cm.
650 ## - SUBJECT ADDED ENTRY--TOPICAL TERM
Topical Term Philosophy - Dictionaries
991 ## -
-- 150056

No items available.

Find us on the map